Detalles MARC
| 000 -LEADER |
| fixed length control field |
01036nam a2200349 a 4500 |
| 001 - CONTROL NUMBER |
| control field |
000037615 |
| 003 - CONTROL NUMBER IDENTIFIER |
| control field |
DO-SdBNP |
| 005 - DATE AND TIME OF LATEST TRANSACTION |
| control field |
20180213133300.0 |
| 007 - PHYSICAL DESCRIPTION FIXED FIELD--GENERAL INFORMATION |
| fixed length control field |
000037615 |
| 008 - FIXED-LENGTH DATA ELEMENTS--GENERAL INFORMATION |
| fixed length control field |
121008s2008 dr 000 0 spa d |
| 020 ## - INTERNATIONAL STANDARD BOOK NUMBER |
| International Standard Book Number |
9789945068795 |
| 040 ## - CATALOGING SOURCE |
| Original cataloging agency |
BPMSU |
| Language of cataloging |
spa |
| Transcribing agency |
BPMSU |
| 082 #4 - DEWEY DECIMAL CLASSIFICATION NUMBER |
| Classification number |
813.52 |
| Item number |
H488v |
| 100 1# - MAIN ENTRY--PERSONAL NAME |
| Personal name |
Hemingway, Ernest, |
| Dates associated with a name |
1899-1961 |
| 245 13 - TITLE STATEMENT |
| Title |
El viejo y el mar / |
| Statement of responsibility, etc. |
Ernest Hemingway ; edición Isael Pérez. |
| 260 ## - PUBLICATION, DISTRIBUTION, ETC. (IMPRINT) |
| Place of publication, distribution, etc. |
Santo Domingo : |
| Name of publisher, distributor, etc. |
Santuario, |
| Date of publication, distribution, etc. |
2008. |
| 300 ## - PHYSICAL DESCRIPTION |
| Extent |
100 p. ; |
| Dimensions |
21 cm. |
| 500 ## - GENERAL NOTE |
| General note |
Incluye notas al pie de las páginas |
| 586 ## - AWARDS NOTE |
| Awards note |
Premio Nobel de Literatura 1954 |
| 650 ## - SUBJECT ADDED ENTRY--TOPICAL TERM |
| Topical term or geographic name as entry element |
NOVELA ESTADOUNIDENSE |
| 650 ## - SUBJECT ADDED ENTRY--TOPICAL TERM |
| Topical term or geographic name as entry element |
LITERATURA ESTADOUNIDENSE |
| 700 12 - ADDED ENTRY--PERSONAL NAME |
| Personal name |
Pérez, Isael, |
| Relator term |
ed. |
| 930 #1 - EQUIVALENCE OR CROSS-REFERENCE-UNIFORM TITLE HEADING [LOCAL, CANADA] |
| Language of a work |
|
| Medium of performance for music |
|
| Field link and sequence number |
|
| Date of a work |
|
| Name of part/section of a work |
|
| Miscellaneous information |
|
| Medium |
|
| 930 #1 - EQUIVALENCE OR CROSS-REFERENCE-UNIFORM TITLE HEADING [LOCAL, CANADA] |
| Language of a work |
|
| Medium of performance for music |
|
| Field link and sequence number |
|
| Date of a work |
|
| Name of part/section of a work |
|
| Miscellaneous information |
|
| Medium |
|
| 930 #1 - EQUIVALENCE OR CROSS-REFERENCE-UNIFORM TITLE HEADING [LOCAL, CANADA] |
| Language of a work |
|
| Medium of performance for music |
|
| Field link and sequence number |
|
| Date of a work |
|
| Name of part/section of a work |
|
| Miscellaneous information |
|
| 930 #1 - EQUIVALENCE OR CROSS-REFERENCE-UNIFORM TITLE HEADING [LOCAL, CANADA] |
| Language of a work |
|
| Medium of performance for music |
|
| Field link and sequence number |
|
| Date of a work |
|
| Name of part/section of a work |
|
| Miscellaneous information |
|
| Medium |
|
| 942 ## - ADDED ENTRY ELEMENTS (KOHA) |
| Source of classification or shelving scheme |
Dewey Decimal Classification |
| Koha item type |
Libros |
| 945 ## - LOCAL PROCESSING INFORMATION (OCLC) |
| a |
Inventariado / 2017 VM |
| 956 ## - LOCAL ELECTRONIC LOCATION AND ACCESS (OCLC) |
| Host name |
|
| Access number |
|
| Compression information |
|
| Logon |
|
| Processor of request |
|
| 956 ## - LOCAL ELECTRONIC LOCATION AND ACCESS (OCLC) |
| Host name |
|
| Access number |
|
| Compression information |
|
| Logon |
|
| Processor of request |
|
| 956 ## - LOCAL ELECTRONIC LOCATION AND ACCESS (OCLC) |
| Host name |
VMATEO |
| Access number |
10 |
| Compression information |
20150507 |
| Logon |
BPMSU |
| Processor of request |
00151 |